Państwa Europy według alfabetu - Statystyki

Ogólne statystyki
  • Ten quiz został rozwiązany 979 razy
    102 od ostatniego zresetowania
  • Średni wynik to 30 z 45
Statystyki odpowiedzi
N Odpowiedź % Poprawnych
A Albania
97%
A Andora
91%
B Belgia
80%
B Białoruś
79%
A Austria
77%
D Dania
74%
F Finlandia
74%
F Francja
74%
C Czechy
73%
E Estonia
73%
C Chorwacja
71%
G Grecja
71%
B Bułgaria
70%
H Holandia
70%
I Irlandia
70%
Ł Łotwa
70%
P Polska
69%
R Rosja
69%
B Bośnia i Hercegowina
67%
I Islandia
67%
L Liechtenstein
67%
L Litwa
67%
L Luksemburg
67%
P Portugalia
67%
H Hiszpania
66%
K Kosowo
66%
R Rumunia
66%
N Norwegia
64%
U Ukraina
63%
C Czarnogóra
61%
M Macedonia
61%
S Serbia
61%
S Słowacja
61%
S Słowenia
61%
S Szwecja
61%
S San Marino
60%
S Szwajcaria
60%
W Watykan
60%
M Monako
59%
N Niemcy
59%
M Mołdawia
57%
M Malta
56%
W Włochy
56%
W Węgry
54%
W Wielka Brytania
51%
Nie znaleziono quizów pasujących do podanych kryteriów
Rozkład punktacji
Procent ludzi z każdym wynikiem
Percentyl według liczby udzielonych odpowiedzi
Twoja historia wyników
Nie rozwiązałeś tego quizu od ostatniego zresetowania